Quizzes
Events
Quiz Creation
Community
Videos
Private Events
Remove Ads
Sign In
Join for FREE
Feedback
Dark Mode
Quiz Categories
Sports
Geography
Music
Movies
Television
Just For Fun
Miscellaneous
History
Literature
Language
Science
Gaming
Entertainment
Religion
Holiday
For Kids
Quiz Lab
Recent
Popular Today
Quiz Kudos Today
Editor Picks
Curator Picks
Quizzes by...
Day
Popularity
Type
Ratings
Length
Year
Community
Subscriptions
Recent Discussions
Orange Saloon
Badges
Playlists
Quests
Create
Leaderboards
Showdown
Live 5
Trivia Bingo
Activity
Puzzle Library
Sporcle Events
Private Events
Virtual Trivia
Globe League
Become a Host
Pub Owners
SporcleCon
Opinionation
Our Games
Videos
Blog
Mobile Apps
Partnerships
Remove Ads and Go Orange
Feedback
Literature
Harry Potter
A Song of Ice and Fire
The Hunger Games
Literary Character
Shakespeare
Book
Author
Novel
Poem
Young Adult
Children's Books
Play
Lord of the Rings
Literature
Harry Potter
A Song of Ice and Fire
The Hunger Games
Literary Character
Shakespeare
Book
Author
Novel
Poem
Young Adult
Children's Books
Play
Lord of the Rings
Random Quiz
Search Sporcle
×
Quiz Lab
Quiz Lab
Literature
Novel
Type in answers that appear in a list
Type in answers that appear in a list
Classic
Best Score? Go Orange.
Napoleonic Historical Fiction Series Stats
Can you name the title of each novel and short story title in the Napoleonic-era series listed below?
By
EmperorPhil
10m
56 Questions
31 Plays
31 Plays
31 Plays
Comments
Comments
Give Quiz Kudos
Give Quiz Kudos
-
- Ratings
hide this ad
More Info
Replay
Link that replays current quiz
Next Quiz
Link to next quiz in quiz playlist
You Got
0%
They Got
Avg Score
27%
Avg Friend Score
Upgrade to see
Score Distribution
Jump to the score distribution portion of the page
Score
0/56
Timer
10:00
0
Plays Today
Series Title
Book Title
% Correct
Bernard Cornwell's Sharpe Series
Sharpe's Rifles
67.7%
Bernard Cornwell's Sharpe Series
Sharpe's Tiger
67.7%
Bernard Cornwell's Sharpe Series
Sharpe's Eagle
64.5%
Bernard Cornwell's Sharpe Series
Sharpe's Waterloo
61.3%
Bernard Cornwell's Sharpe Series
Sharpe's Gold
54.8%
Bernard Cornwell's Sharpe Series
Sharpe's Regiment
54.8%
Patrick O'Brian's Aubrey-
Maturin Series
Master and Commander
54.8%
Bernard Cornwell's Sharpe Series
Sharpe's Company
51.6%
Bernard Cornwell's Sharpe Series
Sharpe's Sword
51.6%
Bernard Cornwell's Sharpe Series
Sharpe's Trafalgar
48.4%
Bernard Cornwell's Sharpe Series
Sharpe's Battle
45.2%
Bernard Cornwell's Sharpe Series
Sharpe's Revenge
41.9%
Bernard Cornwell's Sharpe Series
Sharpe's Christmas
41.9%
Patrick O'Brian's Aubrey-
Maturin Series
The Reverse of the Medal
41.9%
Bernard Cornwell's Sharpe Series
Sharpe's Siege
35.5%
Bernard Cornwell's Sharpe Series
Sharpe's Triumph
35.5%
Patrick O'Brian's Aubrey-
Maturin Series
The Far Side of the World
35.5%
Patrick O'Brian's Aubrey-
Maturin Series
Blue at the Mizzen
35.5%
Bernard Cornwell's Sharpe Series
Sharpe's Honour
32.3%
Bernard Cornwell's Sharpe Series
Sharpe's Fortress
32.3%
Bernard Cornwell's Sharpe Series
Sharpe's Prey
32.3%
C. S. Forester's Hornblower Series
Lieutenant Hornblower
32.3%
Bernard Cornwell's Sharpe Series
Sharpe's Enemy
29%
Bernard Cornwell's Sharpe Series
Sharpe's Devil
29%
Patrick O'Brian's Aubrey-
Maturin Series
HMS Surprise
29%
Patrick O'Brian's Aubrey-
Maturin Series
The Letter of Marque
29%
C. S. Forester's Hornblower Series
Mr. Midshipman Hornblower
25.8%
Patrick O'Brian's Aubrey-
Maturin Series
Post Captain
25.8%
Series Title
Book Title
% Correct
Patrick O'Brian's Aubrey-
Maturin Series
The Mauritius Command
25.8%
Patrick O'Brian's Aubrey-
Maturin Series
The Ionian Mission
25.8%
Patrick O'Brian's Aubrey-
Maturin Series
The Wine-Dark Sea
25.8%
Patrick O'Brian's Aubrey-
Maturin Series
The Yellow Admiral
25.8%
Bernard Cornwell's Sharpe Series
Sharpe's Escape
22.6%
Patrick O'Brian's Aubrey-
Maturin Series
The Surgeon's Mate
22.6%
Bernard Cornwell's Sharpe Series
Sharpe's Havoc
19.4%
Bernard Cornwell's Sharpe Series
Sharpe's Fury
19.4%
Patrick O'Brian's Aubrey-
Maturin Series
Desolation Island
19.4%
Patrick O'Brian's Aubrey-
Maturin Series
Clarissa Oakes
19.4%
C. S. Forester's Hornblower Series
The Commodore
16.1%
Patrick O'Brian's Aubrey-
Maturin Series
Treason's Harbour
16.1%
Patrick O'Brian's Aubrey-
Maturin Series
The Thirteen Gun Salute
16.1%
Patrick O'Brian's Aubrey-
Maturin Series
The Nutmeg of Consolation
16.1%
Patrick O'Brian's Aubrey-
Maturin Series
The Commodore
16.1%
Patrick O'Brian's Aubrey-
Maturin Series
The Fortune of War
12.9%
Patrick O'Brian's Aubrey-
Maturin Series
The Hundred Days
12.9%
Patrick O'Brian's Aubrey-
Maturin Series
The Final Unfinished Voyage of Jack Aubrey
12.9%
C. S. Forester's Hornblower Series
A Ship of the Line
6.5%
C. S. Forester's Hornblower Series
Hornblower and the Hotspur
6.5%
Bernard Cornwell's Sharpe Series
Sharpe's Ransom
3.2%
Bernard Cornwell's Sharpe Series
Sharpe's Skirmish
3.2%
C. S. Forester's Hornblower Series
Flying Colours
3.2%
C. S. Forester's Hornblower Series
Lord Hornblower
3.2%
C. S. Forester's Hornblower Series
Hornblower and the Atropos
3.2%
C. S. Forester's Hornblower Series
Hornblower in the West Indies
3.2%
C. S. Forester's Hornblower Series
Hornblower and the Crisis
3.2%
C. S. Forester's Hornblower Series
The Happy Return
0%
Quiz Playlist
Details
Report
Send in Message
Add To Playlist
More Info:
This quiz contains short stories as well as novels.
Classic:
Type in answers that appear in a list
Last Updated: Feb 16, 2017
Quiz Scoreboard
CHALLENGE
Sign Up to Join the Scoreboard
Show All
Scores
Hide
Comments
May contain spoilers
Recently Published
Presidents Visiting Landmarks
by Hejman
History
7m
An Introduction to Baseball
by treessimontrees
Sports
5m
Movies - When Are They Set?
by FPL_Elf
Movies
5m
More to Explore
Quiz From the Vault
Featured Blog Post
Where Did the Easter Bunny Come From?
hide this ad
You Might Also Like...
Tags
Author Quiz
Book Quiz
Novel Quiz
fiction
napoleonic
original
publication
short
Story
Today's Top Quizzes in Literature
Browse Literature
hide this ad
Today's Top Quizzes in Novel
Browse Novel
Top Contributed Quizzes in Literature
1
Sneaky Slytherin Logic Puzzle
2
Get The Picture: Black or White Literature
3
5-to-1: Plays
4
A Court of Thorns and Roses (ACoTaR) Logic Puzzle
5
One Thing in Common: Literature
6
One Thing in Common: Books
7
One Thing in Common: Literature 3
8
One Thing in Common: Literature II
9
Harry Potter Neighbourly Logic Puzzle #5
10
Harry Potter Neighbourly Logic Puzzle #6
Explore More
Trending Topics
Disney
Marvel
Harry Potter
Anime
NBA
Kpop
Crossword
Puzzle
WWE
Song
The Office
Soccer
Pokémon
NFL
Country
hide this ad
More By:
EmperorPhil
Quiz
Plays
Rating
Category
Featured
Created
Empire: Total War Factions
1,647
5.00
Gaming
Aug 19, 2010
Guess the Magic: The Gathering Creature
1,352
3.10
Gaming
Oct 23, 2010
Guess the MTG Card by Flavor Text
665
4.29
Gaming
Oct 23, 2010
NY Mets Torture
494
5.00
Sports
Aug 19, 2010
'M1' Military Equipment Designations
318
3.00
History
Jul 31, 2010
Go to Creator's Profile
Score Distribution
Quiz Creator Spotlight
EmperorPhil
Follow
Send a Message
Quizzes Created
-
Created Quiz Play Count
-
More By This Creator
Popular Quizzes Today
1
Find the US States - No Outlines Minefield
2
Find the Countries of Europe - No Outlines Minefield
3
The Countries of the World
4
Find the US States
5
Popular People in 1961
6
US States
7
Risky Map Clicking: Biggest States A-Z
8
Movies - When Are They Set?
More Literature Quizzes
Finish the Harry Potter Quotes with an Image
Curator's Pick
Trending Quizzes
Risky Map Clicking: Least Populous States A-Z
1-10 Letter G Words
1-10 Letter F Words
Risky Map Clicking: Next State Alphabetically
Risky Map Clicking: Biggest States A-Z
Recently Updated
Leaping Animals
pecheneg
Reality TV Shows (A-Z)
bhenderson79
Rickey Henderson's Hall of Fame Teammates
pecheneg
Champions League XIs: Arsenal
pecheneg
Quick Pick: Celebrities in WWE's Hall of Fame
aduchscher
A-Z Keypad Blitz II
pecheneg
Multiple Oscar Actors
pecheneg
Mystery Phrase Blitz: Oscar 'Best Actors'
pecheneg
F. Scott Fitzgerald Novels
LTH
Pick 3 Villains
ddd62291
Trending Topics
Anime
Marvel
Kpop
Disney
NBA
Harry Potter
Crossword
The Office
Puzzle
Country
Soccer
NFL
WWE
Pokémon
Song
Your Account Isn't Verified!
In order to create a playlist on Sporcle, you need to verify the email address you used during registration. Go to your
Sporcle Settings
to finish the process.
Report this User
Report this user for behavior that violates our
Community Guidelines
.
Details:
Send Report
Go to the Sporcle.com Mobile Site →
Comments